000 00885nam a2200253Ia 4500
003 OSt
005 20221005113146.0
006 a|||||r|||| 00| 0
007 ta
008 221004b |||||||| |||| 00| 0 pan d
020 _a9788175992870 (hbk)
_c1000
024 _a26553
037 _b995, 17/12/2015, H.K. Prakashan
_cTextual
040 _aCRL
_cCRL
_bpan
041 _2pan
_apan
082 _aO153jN332, Q5
100 _aਚੰਦਰ ਮੋਹਨ, ਥਦ.
245 0 _aਸੁਖਬੀਰ ਸਿਮਰਿਤੀ ਗ੍ਰੰਥ
260 _aਨਵੀ੍ਵ
_bਦਿੱਲੀ ਨਵਯੁਗ ਪਬਲਿFਰਗ਼ ਭਾਰਤ
_c2015
300 _a418ਪੰ
_ccm.
650 _aਪੰਜਾਬੀ ਸਾਹਿਤ
942 _hO153jN332, Q5
_cTEXL
_2cc
999 _c1027232
_d1027232